[Event "Tan Cup"]
[Site "Beijing"]
[Date "1995.??.??"]
[Round "3"]
[White "Boensch, Uwe"]
[Black "Liang Jinrong"]
[Result "1/2-1/2"]
[WhiteElo "2560"]
[BlackElo "2450"]
[PlyCount "85"]
[EventDate "1995.08.??"]
[Source "ChessBase"]

1. d4 d5 2. c4 e6 3. Nf3 Nf6 4. g3 dxc4 5. Qa4+ Nbd7 6. Bg2 a6 7. Qxc4 b5 8. Qc6 Rb8 9. Bf4 Nd5 10. Qc1 Bb7 11. O-O Rc8 12. e4 Nxf4 13. Qxf4 Bd6 14. e5 Be7 15. Nc3 O-O 16. a4 bxa4 17. d5 exd5 18. Rfd1 c6 19. Nd4 g6 20. h4 Qc7 21. Re1 Nc5 22. h5 Nd3 23. Qh6 Nxe5 24. hxg6 hxg6 25. Rac1 Qd6 26. Nxa4 Qf6 27. Qe3 Bd6 28. Nc5 Bxc5 29. Rxc5 Nc4 30. Qc3 Rfe8 31. Rd1 Qe7 32. b4 Rc7 33. Bf1 Nd6 34. Nxc6 Rxc6 35. Rxc6 Ne4 36. Qc1 Bxc6 37. Qxc6 Rb8 38. Rxd5 Rxb4 39. Rd7 Qf6 40. Qxf6 Nxf6 41. Rd8+ Kg7 42. Bxa6 Rb2 43. Rd4 1/2-1/2

[Event "CCCA"]
[Site "?"]
[Date "1996.07.15"]
[Round "?"]
[White "Brglez Francisek (SLO)"]
[Black "Kozlowicz Alejandro Antonio ("]
[Result "1/2-1/2"]
[WhiteElo "2495"]
[BlackElo "2515"]
[PlyCount "24"]
[EventDate "1996.??.??"]
[Source "www.chesslib.no"]
[SourceDate "2004.05.04"]

1. Nf3 Nf6 2. c4 e6 3. g3 d5 4. Bg2 dxc4 5. Qa4+ Nbd7 6. Qxc4 c5 7. d4 a6 8. Qc2 b6 9. O-O Bb7 10. Nc3 cxd4 11. Nxd4 Bxg2 12. Kxg2 Bc5 1/2-1/2

[Event "Eupen op"]
[Site "Eupen"]
[Date "1993.??.??"]
[Round "6"]
[White "Cifuentes Parada, Roberto"]
[Black "Lau, Ralf"]
[Result "1/2-1/2"]
[WhiteElo "2480"]
[BlackElo "2530"]
[PlyCount "70"]
[EventDate "1993.??.??"]
[Source "ChessBase"]

1. d4 d5 2. c4 e6 3. Nf3 Nf6 4. g3 dxc4 5. Qa4+ Nbd7 6. Bg2 a6 7. Qxc4 b5 8. Qc6 Rb8 9. Bf4 Nd5 10. Bg5 Be7 11. Bxe7 Qxe7 12. O-O Bb7 13. Qc2 c5 14. Nc3 Nxc3 15. Qxc3 O-O 16. dxc5 Nxc5 17. Qb4 Rfc8 18. Rac1 Qf8 19. Rfd1 Na4 20. Qxf8+ Kxf8 21. Ne5 Rxc1 22. Rxc1 Rc8 23. Rxc8+ Bxc8 24. Nd3 Ke7 25. f4 f6 26. e4 e5 27. fxe5 fxe5 28. Kf2 Kd6 29. Ke3 Be6 30. a3 Nb6 31. Kd2 Nc4+ 32. Kc3 a5 33. Bf3 Bf7 34. Be2 Nb6 35. b3 Nd7 1/2-1/2

[Event "DSV-Turnier"]
[Site "Berlin East"]
[Date "1979.??.??"]
[Round "14"]
[White "Smyslov, Vassily V"]
[Black "Plachetka, Jan"]
[Result "1/2-1/2"]
[WhiteElo "2560"]
[BlackElo "2445"]
[PlyCount "31"]
[EventDate "1979.09.11"]
[Source "www.chesslib.no"]
[SourceDate "2004.05.04"]

1. d4 Nf6 2. c4 e6 3. g3 d5 4. Bg2 dxc4 5. Qa4+ Nbd7 6. Qxc4 c5 7. Nf3 a6 8. dxc5 Bxc5 9. O-O b5 10. Qd3 Bb7 11. Nbd2 O-O 12. Nb3 Bd5 13. Qd1 Bb6 14. Bf4 Rc8 15. Ne1 Nc5 16. Nxc5 1/2-1/2

[Event "Ashkhabad"]
[Site "Ashkhabad"]
[Date "1996.??.??"]
[Round "5"]
[White "Simonenko, Sergei"]
[Black "Korneev, Oleg"]
[Result "1/2-1/2"]
[WhiteElo "2415"]
[BlackElo "2590"]
[PlyCount "91"]
[EventDate "1996.??.??"]
[Source "ChessBase"]

1. d4 d5 2. Nf3 Nf6 3. c4 e6 4. g3 dxc4 5. Qa4+ Nbd7 6. Bg2 a6 7. Qxc4 b5 8. Qc6 Rb8 9. Bf4 Nd5 10. Bg5 Be7 11. Bxe7 Qxe7 12. O-O Bb7 13. Qc2 c5 14. Nc3 c4 15. Nxd5 exd5 16. Qf5 O-O 17. Rfe1 Rfe8 18. Rac1 Qe6 19. Qf4 Qf6 20. Qc7 Nb6 21. g4 Qc6 22. Qf4 Rbd8 23. Ne5 Qe6 24. g5 Nd7 25. Nxd7 Qxd7 26. Rc3 Qd6 27. Rf3 Qxf4 28. Rxf4 b4 29. Kf1 a5 30. Rc1 Bc8 31. e4 dxe4 32. Bxe4 g6 33. Bc6 Bh3+ 34. Bg2 Bf5 35. Bf3 Bd3+ 36. Kg2 a4 37. d5 a3 38. bxa3 b3 39. axb3 cxb3 40. Rc7 b2 41. Rfxf7 Re5 42. Rg7+ Kf8 43. Rcf7+ Ke8 44. Rb7 Kf8 45. Rbf7+ Ke8 46. Rb7 1/2-1/2

[Event "White Nights, St Petersburg RUS"]
[Site "?"]
[Date "2001.??.??"]
[Round "7"]
[White "Vaulin, A."]
[Black "Anjuhin, A."]
[Result "1-0"]
[WhiteElo "2540"]
[BlackElo "2460"]
[PlyCount "59"]
[EventDate "2001.??.??"]
[Source "www.chesslib.no"]
[SourceDate "2004.05.04"]

1. c4 Nf6 2. d4 e6 3. g3 d5 4. Bg2 dxc4 5. Qa4+ Nbd7 6. Qxc4 a6 7. Qd3 Rb8 8. Nc3 b5 9. Bg5 Bb7 10. Bxb7 Rxb7 11. Qf3 Ra7 12. Rd1 b4 13. Na4 Qa8 14. Bxf6 gxf6 15. d5 Bd6 16. dxe6 fxe6 17. Qh5+ Ke7 18. Nf3 Qc6 19. b3 Ne5 20. O-O Nxf3+ 21. exf3 Raa8 22. Rfe1 Rae8 23. Rc1 Qb5 24. Nc5 Kd8 25. Rxe6 Bxc5 26. Qd5+ Bd6 27. Rxd6+ cxd6 28. Qxd6+ Qd7 29. Qxf6+ Qe7 30. Qb6+ 1-0

[Event "Hoogovens-B"]
[Site "Wijk aan Zee NED"]
[Date "1988.01.??"]
[Round "13"]
[White "Winants, Luc"]
[Black "Cifuentes Parada, Roberto"]
[Result "1-0"]
[WhiteElo "2465"]
[BlackElo "2530"]
[PlyCount "89"]
[EventDate "1988.01.??"]
[Source "www.chesslib.no"]
[SourceDate "2004.05.04"]

1. Nf3 Nf6 2. c4 e6 3. g3 d5 4. Bg2 dxc4 5. Qa4+ Nbd7 6. Qxc4 c5 7. O-O b6 8. d4 Bb7 9. Bg5 a6 10. Rd1 Rc8 11. Nc3 b5 12. Qb3 Be7 13. dxc5 Qc7 14. Bf4 Qxc5 15. Rac1 Qb6 16. Be3 Bc5 17. Bxc5 Rxc5 18. Na4 bxa4 19. Qxb6 Rxc1 20. Qd6 Rxd1+ 21. Qxd1 O-O 22. Ne5 Bxg2 23. Nxd7 Nxd7 24. Qxd7 Bd5 25. Qxa4 f5 26. Qxa6 Ra8 27. Qb6 Rxa2 28. f3 Kf7 29. Kf2 Ra1 30. Qc7+ Kf6 31. h4 h6 32. Ke3 Rg1 33. Qd8+ Kg6 34. Qc7 Rb1 35. Qc2 Ra1 36. Kf4 Kf6 37. Qc3+ Kf7 38. Ke5 Ra6 39. e4 fxe4 40. fxe4 Ba2 41. b4 Ra4 42. Qc2 Ra8 43. b5 Kg6 44. b6 Ra5+ 45. Kd6 1-0

[Event "SVK Team Ch 9596"]
[Site "Slovakia"]
[Date "1996.??.??"]
[Round "7"]
[White "Ftacnik, Lubomir"]
[Black "Safyanovsky, Mark"]
[Result "1-0"]
[WhiteElo "2585"]
[BlackElo "2410"]
[PlyCount "75"]
[EventDate "1995.??.??"]
[Source "www.chesslib.no"]
[SourceDate "2004.05.04"]

1. d4 d5 2. c4 e6 3. Nf3 Nf6 4. g3 dxc4 5. Qa4+ Nbd7 6. Bg2 c5 7. Qxc4 a6 8. Qc2 cxd4 9. Nxd4 Bc5 10. Nb3 Bb6 11. O-O O-O 12. Nc3 h6 13. Bd2 Qc7 14. Rac1 Re8 15. Bf4 e5 16. Bd2 Qc4 17. e3 Rb8 18. Qd1 Qe6 19. Na4 Bd8 20. Bb4 Be7 21. Qd2 Qg4 22. Bxe7 Rxe7 23. Nb6 Re8 24. h3 Qe6 25. Nxc8 Rbxc8 26. Rxc8 Rxc8 27. Bxb7 Rb8 28. Bg2 e4 29. Rd1 Ne5 30. Qd6 Qe8 31. Nc5 Nc4 32. Qxa6 Nxb2 33. Rd4 Ra8 34. Qb6 Rb8 35. Qd6 Nd3 36. Nxe4 Rb1+ 37. Kh2 Nxf2 38. Nxf6+ 1-0

[Event "Cheliabinsk-A"]
[Site "Cheliabinsk"]
[Date "1991.??.??"]
[Round "?"]
[White "Ikonnikov, Vyacheslav"]
[Black "Kiselev, Sergey"]
[Result "1/2-1/2"]
[WhiteElo "2480"]
[BlackElo "2510"]
[PlyCount "22"]
[EventDate "1991.12.??"]
[Source "www.chesslib.no"]
[SourceDate "2004.05.04"]

1. Nf3 Nf6 2. c4 e6 3. g3 d5 4. Bg2 dxc4 5. Qa4+ Nbd7 6. Qxc4 c5 7. O-O b6 8. d4 Bb7 9. Nc3 a6 10. dxc5 b5 11. Qf4 Bxc5 1/2-1/2

[Event "Tenkes Cup 25th"]
[Site "?"]
[Date "2001.11.26"]
[Round "8"]
[White "Chernyshov Konstantin"]
[Black "Szabo Zsolt Jozsef"]
[Result "0-1"]
[WhiteElo "2557"]
[BlackElo "2432"]
[PlyCount "94"]
[EventDate "2001.??.??"]
[Source "www.chesslib.no"]
[SourceDate "2004.05.04"]

1. d4 Nf6 2. c4 e6 3. g3 d5 4. Bg2 dxc4 5. Qa4+ Nbd7 6. Nf3 a6 7. Qxc4 b5 8. Qc6 Rb8 9. Bf4 Nd5 10. Bg5 Be7 11. Bxe7 Qxe7 12. a3 Bb7 13. Qc2 c5 14. dxc5 Nxc5 15. b4 Na4 16. e4 Rc8 17. Qd3 Rc1+ 18. Kd2 Rxh1 19. Bxh1 Nf6 20. e5 O-O 21. Ke1 Rd8 22. Qe3 Ng4 23. Qf4 Qc7 24. Nbd2 Qc3 25. Rd1 Bxf3 26. Qxf3 Qxe5+ 27. Ne4 Rxd1+ 28. Qxd1 h5 29. f4 Qc7 30. Bf3 Nb2 31. Qb1 Nc4 32. Qd3 Qb6 33. Nc5 Nf6 34. h3 e5 35. f5 a5 36. g4 hxg4 37. hxg4 axb4 38. axb4 e4 39. Bxe4 Nxg4 40. Qg3 Qd8 41. Bd3 Qd4 42. Qb8+ Kh7 43. f6+ g6 44. Bxg6+ Kxg6 45. Qg8+ Kf5 46. Qh7+ Kf4 47. Nd3+ Kg3 0-1